000
00258nam a2200097Ia 4500
008
240331s9999 xx 000 0 und d
082
_b
POR
100
_a
Vimukthi Dharma Kendraya
245
0
_a
Pora samathanama? :
_b
Illankaiyin thesiya Inapprachchanai
942
_c
L
999
_c
2033
_d
2033